Взрывные работы на магистральных нефтепроводах и нефтепродуктопроводах

Detaylı Bibliyografya
Diğer Yazarlar: Вайншток С. М. Семен Михайлович, Гумеров А. Г. Асгат Галимьянович, Калинин В. В. Владимир Васильевич, Зубаиров А. Г. Амир Гарифуллович, Будзуляк Б. В. Богдан Владимирович, Халлыев Н. Х. Назар Халлыевич
Özet:Изложены основные современные представления о природе взрыва, взрывных превращениях и способах управления взрывом, основные этапы организации и технологии производства взрывных работ при строительстве и ремонте объектов магистральных нефтепроводов и нефтепродуктопроводов. Использованы материалы действующих нормативных документов Ростехнадзора, ведомственных руководящих документов, результаты научно-исследовательских и внедренческих работ, выполненных институтом ИПТЭР (ВНИИСПТнефть) в целом И его отдельными сотрудниками, справочная и техническая литература и отдельные публикации в отраслевых журналах по взрывной тематике. Для широкого крута специалистов, занимающихся трубопроводным транспортом нефти и нефтепродуктов; может быть полезна студентам нефтегазовых вузов, слушателям курсов по подготовке взрывников и ответственных руководителей взрывных работ на объектах магистральных нефтепроводов и нефтепродуктопроводов.
Dil:Rusça
Baskı/Yayın Bilgisi: Москва, Недра, 2006
Konular:
Materyal Türü: MixedMaterials Kitap
KOHA link:https://koha.lib.tpu.ru/cgi-bin/koha/opac-detail.pl?biblionumber=107020

MARC

LEADER 00000nam0a2200000 4500
001 107020
005 20231101214715.0
010 |a 5836502447 
035 |a (RuTPU)RU\TPU\book\115560 
090 |a 107020 
100 |a 20061215d2006 km y0rusy50 ca 
101 0 |a rus 
102 |a RU 
105 |a a z 001zy 
200 1 |a Взрывные работы на магистральных нефтепроводах и нефтепродуктопроводах  |f С. М. Вайншток [и др.] 
210 |a Москва  |c Недра  |d 2006 
215 |a 574 с.  |c ил. 
320 |a Библиогр.: с. 571-572. 
330 |a Изложены основные современные представления о природе взрыва, взрывных превращениях и способах управления взрывом, основные этапы организации и технологии производства взрывных работ при строительстве и ремонте объектов магистральных нефтепроводов и нефтепродуктопроводов. Использованы материалы действующих нормативных документов Ростехнадзора, ведомственных руководящих документов, результаты научно-исследовательских и внедренческих работ, выполненных институтом ИПТЭР (ВНИИСПТнефть) в целом И его отдельными сотрудниками, справочная и техническая литература и отдельные публикации в отраслевых журналах по взрывной тематике. Для широкого крута специалистов, занимающихся трубопроводным транспортом нефти и нефтепродуктов; может быть полезна студентам нефтегазовых вузов, слушателям курсов по подготовке взрывников и ответственных руководителей взрывных работ на объектах магистральных нефтепроводов и нефтепродуктопроводов. 
606 1 |a Нефтепроводы  |x Взрывные работы  |2 stltpush  |3 (RuTPU)RU\TPU\subj\64843  |9 81569 
610 1 |a магистральные нефтепроводы 
610 1 |a нефтепродуктопроводы 
610 1 |a взрывные вещества 
610 1 |a взрывные превращения 
610 1 |a взрывные материалы 
610 1 |a хранение 
610 1 |a перевозки 
610 1 |a строительство 
610 1 |a эксплуатация 
610 1 |a ремонт 
610 1 |a демонтаж 
610 1 |a трубопроводы 
610 1 |a взрывная обработка 
610 1 |a здания 
610 1 |a сооружения 
610 1 |a валка взрывом 
610 1 |a разрушение взрывом 
675 |a 622.691.4.05  |v 3 
701 1 |a Вайншток  |b С. М.  |g Семен Михайлович 
701 1 |a Гумеров  |b А. Г.  |g Асгат Галимьянович 
701 1 |a Калинин  |b В. В.  |g Владимир Васильевич 
701 1 |a Зубаиров  |b А. Г.  |g Амир Гарифуллович 
701 1 |a Будзуляк  |b Б. В.  |g Богдан Владимирович 
701 1 |a Халлыев  |b Н. Х.  |g Назар Халлыевич 
801 1 |a RU  |b 63413507  |c 20061215  |g PSBO 
801 2 |a RU  |b 63413507  |c 20140722  |g PSBO 
900 |a Буровзрывные работы 
942 |c BK